| 000 | 00383 a2200109 4500 | ||
|---|---|---|---|
| 001 | ART_7508 | ||
| 005 | 20260410161554.0 | ||
| 008 | 260409a | ||
| 245 | 1 | 0 | _aModelos de medición de activos intangibles. Aportes teóricos de las finanzas y la economía |
| 100 | 1 | _aBarbei, Alejandro A. | |
| 773 | 0 |
_tProfesional & Empresaria _g- AÑO IX, Nº 100 (ene. 2008) _wREV70 |
|
| 999 |
_c9106 _d9106 |
||